| 000 | 01045nam0a2200253 4500 | ||
|---|---|---|---|
| 001 | RU\NLR\BIBL_A\010530757 | ||
| 005 | 20250614063817.0 | ||
| 035 | _a(NLR Aleph) 010530757 | ||
| 090 |
_a10256084 _c10256084 |
||
| 100 | _a20141114d1978 |||y0rusy50 ca | ||
| 101 | 0 | _asah | |
| 102 | _aRU | ||
| 105 | _ay z 000yy | ||
| 200 | 1 |
_aКоммунизмы тутааччылар тѳрүт сокуоннара _e(ССРС Конституциятын туһунан бэсиэдэлэр) _fА. Е. Мординов |
|
| 210 |
_aЯкутскай _cСаха сиринээҕи кинигэ изд-вота _d1978 |
||
| 215 |
_a76,[2] с. _d17 |
||
| 541 | 1 |
_aОсновной закон строителей коммунизма _e(беседы о конституции СССР) _zrus |
|
| 601 | 0 | 1 |
_91738447 _3RU\NLR\AUTH\661073730 |
| 686 | 1 | _aХ620.113 | |
| 700 | 1 |
_aМординов _bА. Е. _f1910- _gАвксентий Егорович _4070 |
|
| 852 |
_aNLR _bОНЛ _jЯкут./2-2144 |
||
| 942 | _cBOOK | ||
| 980 | _aNB | ||